| 000 | 00940nam a22002897a 4500 | ||
|---|---|---|---|
| 003 | CHAP | ||
| 005 | 20220329133947.0 | ||
| 008 | 971013s1991 us r 00010 eng d | ||
| 010 | _a13265 | ||
| 011 | _a14237 | ||
| 035 | _a18310 | ||
| 040 | _cCHAP | ||
| 082 | 0 | 4 |
_a633.1 _bB74 |
| 100 | 0 | 0 |
_aBrinkman, M. A. _915374 |
| 245 | 1 | _aBreeding oat cultivars suitable for production in developing countries 1989 | |
| 260 |
_aMadison : _bUniversity of Wisconsin. College of Agricultural and Life Sciences, _c1991 |
||
| 300 |
_a106 p. _b; tablas |
||
| 590 |
_aBATCH-UPD _b10 _c20130110 _lUCH01 _h0203 |
||
| 590 |
_aBATCH-UPD _b10 _c20130110 _lUCH01 _h1947 |
||
| 590 |
_aCONVERSION _b10 _c20130109 _lUCH01 _h1309 |
||
| 650 | 1 | 4 |
_aAvena _xMejoramiento. _98532 |
| 650 | 1 | 4 |
_aAvena _xRendimiento. _98539 |
| 650 | 1 | 4 |
_aAvena _xVariedades. _98552 |
| 901 | _aBK | ||
| 942 | _cLIBRO | ||
| 949 |
_a633.1 B74 _bBC _cLIBRO _d33724000189684 _eLIBRO _h83586 _i18310 _mD _si |
||
| 999 |
_c13265 _d13265 |
||